[Event "AUT-chT2S 9900"]
[Site "Austria"]
[Date "1999.10.09"]
[Round "1.5"]
[White "Riedner, Martin"]
[Black "Smole, Albert"]
[Result "1-0"]
[WhiteElo "2229"]
[BlackElo "2155"]
[Annotator "Gabriele Ballarin"]
[PlyCount "96"]
[EventDate "1999.10.??"]
[EventType "team"]
[EventRounds "11"]
[EventCountry "AUT"]
[SourceTitle "EXT 2002"]
[Source "ChessBase"]
[SourceDate "2001.11.25"]
[SourceVersion "1"]
[SourceVersionDate "2001.11.25"]
[SourceQuality "1"]

1. Nf3 Nf6 2. g3 g6 3. b3 Bg7 4. Bb2 O-O 5. Bg2 c5 6. c4 Nc6 7. O-O d6 8. d4 Nh5 9. e3 e5 10. dxe5 dxe5 11. Nc3 e4 12. Ne1 f5 13. Qe2 Nf6 14. f3 exf3 15. Nxf3 Qe7 16. Rae1 Bd7 17. Nd5 Nxd5 18. cxd5 Nb4 19. Bxg7 Kxg7 20. Rd1 Rae8 21. Rfe1 h6 22. a3 Na6 23. Qd3 Qd6 24. Nd2 b5 25. Rc1 Rf7 26. e4 Qf6 27. exf5 Rxe1+ 28. Rxe1 Bxf5 29. Qe2 Qd4+ 30. Qe3 Qxe3+ 31. Rxe3 Nb8 32. Bf1 a6 33. a4 bxa4 34. bxa4 Bd7 35. Rb3 Rf8 36. Rb7 Rc8 37. Bxa6 Nxa6 38. Rxd7+ Kf8 39. Nc4 Nb4 40. d6 Nd5 41. a5 Ra8 42. Rb7 Ke8 43. Rh7 Ra6 44. d7+ Kd8 45. Ne5 Rd6 46. Rh8+ Ke7 47. Re8+ Kf6 48. Ng4+ Kg5 1-0

[Event "AUT-chT2S 9900"]
[Site "Austria"]
[Date "1999.10.09"]
[Round "1.6"]
[White "Teuschler, Hugo"]
[Black "Steiner, Peter"]
[Result "1/2-1/2"]
[WhiteElo "2070"]
[BlackElo "2120"]
[Annotator "Gabriele Ballarin"]
[PlyCount "56"]
[EventDate "1999.10.??"]
[EventType "team"]
[EventRounds "11"]
[EventCountry "AUT"]
[SourceTitle "EXT 2002"]
[Source "ChessBase"]
[SourceDate "2001.11.25"]
[SourceVersion "1"]
[SourceVersionDate "2001.11.25"]
[SourceQuality "1"]

1. e4 c5 2. Nf3 Nc6 3. d4 cxd4 4. Nxd4 e5 5. Nb5 d6 6. N1c3 a6 7. Na3 b5 8. Nd5 Nf6 9. Bg5 Be7 10. Bxf6 Bxf6 11. c3 O-O 12. Nc2 Rb8 13. h4 g6 14. Nxf6+ Qxf6 15. Qd2 Rd8 16. Ne3 Be6 17. h5 Qg5 18. hxg6 hxg6 19. Be2 d5 20. exd5 Bxd5 21. Nxd5 Qxd2+ 22. Kxd2 Rxd5+ 23. Kc2 Rc5 24. Rh4 Nd4+ 25. Kd2 Nxe2 26. Kxe2 b4 27. c4 b3 28. a3 f5 1/2-1/2

[Event "AUT-chT2S 9900"]
[Site "Austria"]
[Date "1999.10.10"]
[Round "2.1"]
[White "Bukal, Vladimir Jr"]
[Black "Eingorn, Vereslav S"]
[Result "0-1"]
[WhiteElo "2390"]
[BlackElo "2589"]
[Annotator "Gabriele Ballarin"]
[PlyCount "40"]
[EventDate "1999.10.??"]
[EventType "team"]
[EventRounds "11"]
[EventCountry "AUT"]
[SourceTitle "EXT 2002"]
[Source "ChessBase"]
[SourceDate "2001.11.25"]
[SourceVersion "1"]
[SourceVersionDate "2001.11.25"]
[SourceQuality "1"]

1. d4 e6 2. c4 Bb4+ 3. Nd2 c5 4. a3 Bxd2+ 5. Qxd2 cxd4 6. Nf3 Nf6 7. Nxd4 O-O 8. e3 d5 9. b4 a5 10. cxd5 Qxd5 11. b5 Nbd7 12. Nf3 b6 13. Qxd5 Nxd5 14. Nd2 Nc5 15. Bb2 Bd7 16. Bd4 Rfc8 17. Bc4 Na4 18. O-O Ndc3 19. Rfc1 Rxc4 20. Nxc4 Ne2+ 0-1

[Event "AUT-chT2S 9900"]
[Site "Austria"]
[Date "1999.10.10"]
[Round "2.1"]
[White "Konopka, Michal"]
[Black "Zsinka, Laszlo"]
[Result "1/2-1/2"]
[WhiteElo "2484"]
[BlackElo "2329"]
[Annotator "Gabriele Ballarin"]
[PlyCount "102"]
[EventDate "1999.10.??"]
[EventType "team"]
[EventRounds "11"]
[EventCountry "AUT"]
[SourceTitle "EXT 2002"]
[Source "ChessBase"]
[SourceDate "2001.11.25"]
[SourceVersion "1"]
[SourceVersionDate "2001.11.25"]
[SourceQuality "1"]

1. Nf3 d5 2. d4 Nf6 3. c4 e6 4. g3 Be7 5. Bg2 O-O 6. O-O b6 7. cxd5 exd5 8. Nc3 Bb7 9. Bf4 Na6 10. Ne5 c5 11. dxc5 Nxc5 12. Nb5 Ne6 13. Be3 Rb8 14. Nf3 Ng4 15. Bd2 Bf6 16. Bb4 Re8 17. Nbd4 Ne5 18. Bc3 Nxf3+ 19. Bxf3 Ng5 20. Bg2 Ne4 21. Rc1 Nxc3 22. Rxc3 Qd6 23. Qd2 Rbc8 24. Rxc8 Rxc8 25. Rd1 Rd8 26. e3 a6 27. b3 g6 28. Ne2 Qd7 29. Nf4 d4 30. Bxb7 Qxb7 31. exd4 Rxd4 32. Qe2 Rxd1+ 33. Qxd1 Qe4 34. Qd3 Qxd3 35. Nxd3 Kf8 36. Kg2 Ke8 37. Kf3 Kd7 38. Ke4 Kd6 39. g4 Bc3 40. f4 h6 41. Ne5 Ke6 42. f5+ Kf6 43. fxg6 fxg6 44. Nf3 Ke6 45. h4 Bf6 46. a4 Kd6 47. g5 hxg5 48. hxg5 Bb2 49. Nh4 Bc1 50. Nxg6 Bxg5 51. Ne5 Bf6 1/2-1/2

[Event "AUT-chT2S 9900"]
[Site "Austria"]
[Date "1999.10.10"]
[Round "2.1"]
[White "Petschar, Kurt"]
[Black "Siklosi, Zoltan"]
[Result "1/2-1/2"]
[WhiteElo "2250"]
[BlackElo "2337"]
[Annotator "Gabriele Ballarin"]
[PlyCount "55"]
[EventDate "1999.10.??"]
[EventType "team"]
[EventRounds "11"]
[EventCountry "AUT"]
[SourceTitle "EXT 2002"]
[Source "ChessBase"]
[SourceDate "2001.11.25"]
[SourceVersion "1"]
[SourceVersionDate "2001.11.25"]
[SourceQuality "1"]

1. e4 e5 2. Nf3 Nc6 3. Bb5 a6 4. Ba4 Nf6 5. O-O Be7 6. Re1 b5 7. Bb3 d6 8. c3 O-O 9. h3 Na5 10. Bc2 c5 11. d4 Qc7 12. Nbd2 cxd4 13. cxd4 Rd8 14. d5 Bd7 15. Nf1 Rdc8 16. Re2 Nb7 17. Be3 Nc5 18. Ng3 Na4 19. Bxa4 bxa4 20. Rc1 Qb7 21. Rec2 Rxc2 22. Rxc2 Be8 23. Qd3 g6 24. Nd2 Rc8 25. Nc4 Qb5 26. b3 axb3 27. axb3 a5 28. Qd2 1/2-1/2

[Event "AUT-chT2S 9900"]
[Site "Austria"]
[Date "1999.10.10"]
[Round "2.1"]
[White "Rogic, Davor"]
[Black "Ivancsics, Michael"]
[Result "1-0"]
[WhiteElo "2505"]
[BlackElo "2255"]
[Annotator "Gabriele Ballarin"]
[PlyCount "97"]
[EventDate "1999.10.??"]
[EventType "team"]
[EventRounds "11"]
[EventCountry "AUT"]
[SourceTitle "EXT 2002"]
[Source "ChessBase"]
[SourceDate "2001.11.25"]
[SourceVersion "1"]
[SourceVersionDate "2001.11.25"]
[SourceQuality "1"]

1. e4 g6 2. d4 Bg7 3. Nc3 c6 4. Nf3 d5 5. h3 Nf6 6. Bd3 dxe4 7. Nxe4 Nxe4 8. Bxe4 Nd7 9. O-O O-O 10. Qe2 Nb6 11. c3 Be6 12. Bd3 Bd5 13. Bg5 Re8 14. Rfe1 f6 15. Bh4 Qd7 16. b3 e5 17. dxe5 fxe5 18. Be4 Qf7 19. Rad1 Bxe4 20. Qxe4 Nd5 21. Rd3 h6 22. c4 Nf4 23. Rd2 g5 24. Bg3 Rad8 25. Rxd8 Rxd8 26. Nxe5 Bxe5 27. Qxe5 Nd3 28. Qe7 Rd7 29. Qxf7+ Kxf7 30. Rd1 b5 31. cxb5 cxb5 32. Kf1 Ke6 33. Ke2 Nb4 34. Rxd7 Kxd7 35. a3 Nc2 36. a4 a6 37. Be5 Ke6 38. Bc3 bxa4 39. bxa4 Na3 40. Kd3 Kd5 41. g4 Nc4 42. Bg7 Ne5+ 43. Bxe5 Kxe5 44. Ke3 a5 45. f3 Kd5 46. f4 gxf4+ 47. Kxf4 Kc4 48. g5 hxg5+ 49. Kxg5 1-0

[Event "AUT-chT2S 9900"]
[Site "Austria"]
[Date "1999.10.10"]
[Round "2.1"]
[White "Ruck, Robert"]
[Black "Forintos, Gyozo Victor"]
[Result "1/2-1/2"]
[WhiteElo "2485"]
[BlackElo "2343"]
[Annotator "Gabriele Ballarin"]
[PlyCount "46"]
[EventDate "1999.10.??"]
[EventType "team"]
[EventRounds "11"]
[EventCountry "AUT"]
[SourceTitle "EXT 2002"]
[Source "ChessBase"]
[SourceDate "2001.11.25"]
[SourceVersion "1"]
[SourceVersionDate "2001.11.25"]
[SourceQuality "1"]

1. d4 Nf6 2. c4 e6 3. g3 c5 4. d5 exd5 5. cxd5 b5 6. Bg2 d6 7. b4 Na6 8. bxc5 Nxc5 9. Nf3 g6 10. Nd4 Bg7 11. O-O O-O 12. Nc3 b4 13. Na4 Nxa4 14. Qxa4 Qb6 15. Nc6 Re8 16. Bb2 Bd7 17. Qxb4 Qxb4 18. Nxb4 Rxe2 19. Bd4 Ne4 20. Bxg7 Kxg7 21. Rfe1 Rxe1+ 22. Rxe1 Nc5 23. Nc6 Kf8 1/2-1/2

[Event "AUT-chT2S 9900"]
[Site "Austria"]
[Date "1999.10.10"]
[Round "2.2"]
[White "Beck, Hartmuth"]
[Black "Mocchi, Tullio"]
[Result "1-0"]
[WhiteElo "2235"]
[BlackElo "2390"]
[Annotator "Gabriele Ballarin"]
[PlyCount "125"]
[EventDate "1999.10.??"]
[EventType "team"]
[EventRounds "11"]
[EventCountry "AUT"]
[SourceTitle "EXT 2002"]
[Source "ChessBase"]
[SourceDate "2001.11.25"]
[SourceVersion "1"]
[SourceVersionDate "2001.11.25"]
[SourceQuality "1"]

1. d4 Nf6 2. c4 e6 3. Nc3 Bb4 4. Qc2 c5 5. dxc5 Na6 6. a3 Bxc3+ 7. Qxc3 Nxc5 8. b4 Nce4 9. Qd4 d5 10. cxd5 Qxd5 11. Qxd5 Nxd5 12. f3 Nef6 13. e4 Ne7 14. Ne2 O-O 15. g4 Nc6 16. Bb2 Nd7 17. Nd4 Nde5 18. Nxc6 Nxc6 19. Rd1 Rd8 20. Rxd8+ Nxd8 21. Bc4 Bd7 22. Kf2 Rc8 23. Bb3 Kf8 24. Rd1 Be8 25. Ke3 f6 26. f4 Ke7 27. h4 Bf7 28. e5 f5 29. g5 b6 30. Rc1 Rxc1 31. Bxc1 Be8 32. a4 b5 33. axb5 Bxb5 34. Kd4 Nb7 35. Bd1 Kd7 36. Bd2 Kc7 37. Bf3 Bc6 38. Be2 Bd5 39. Be1 Nd8 40. Kc5 Bc6 41. Bf2 Nb7+ 42. Kd4 Nd8 43. b5 Bd7 44. Kc5 Nb7+ 45. Kb4 Kb8 46. Bf3 g6 47. h5 Be8 48. h6 Bd7 49. Bh1 Be8 50. Bxb7 Kxb7 51. Bxa7 Kxa7 52. Kc5 Bxb5 53. Kd6 Kb6 54. Kxe6 Kc6 55. Kf7 Kd5 56. Kg7 Ke6 57. Kxh7 Kf7 58. e6+ Kf8 59. Kxg6 Kg8 60. h7+ Kh8 61. Kf7 Be2 62. e7 Bh5+ 63. Kf8 1-0

[Event "AUT-chT2S 9900"]
[Site "Austria"]
[Date "1999.10.10"]
[Round "2.2"]
[White "Brestian, Egon"]
[Black "Mitter, Gerd"]
[Result "1-0"]
[WhiteElo "2429"]
[BlackElo "2261"]
[Annotator "Gabriele Ballarin"]
[PlyCount "59"]
[EventDate "1999.10.??"]
[EventType "team"]
[EventRounds "11"]
[EventCountry "AUT"]
[SourceTitle "EXT 2002"]
[Source "ChessBase"]
[SourceDate "2001.11.25"]
[SourceVersion "1"]
[SourceVersionDate "2001.11.25"]
[SourceQuality "1"]

1. d4 Nf6 2. Nf3 g6 3. g3 Bg7 4. Bg2 O-O 5. O-O d5 6. c3 c5 7. dxc5 Na6 8. b4 Ne4 9. Nd4 e5 10. Nb5 Be6 11. Nd2 Nxd2 12. Qxd2 Qd7 13. a4 b6 14. cxb6 axb6 15. Bb2 Rac8 16. Rfd1 Rfd8 17. e3 Nb8 18. e4 dxe4 19. Qxd7 Rxd7 20. Rxd7 Nxd7 21. Bxe4 Nf6 22. Bg2 Nd5 23. a5 bxa5 24. bxa5 f5 25. c4 Rxc4 26. a6 Rb4 27. a7 Nb6 28. Nc7 Kf7 29. Nxe6 Kxe6 30. Ra6 1-0

[Event "AUT-chT2S 9900"]
[Site "Austria"]
[Date "1999.10.10"]
[Round "2.2"]
[White "Demuth, Markus"]
[Black "Ceschia, Ivano"]
[Result "0-1"]
[WhiteElo "2221"]
[BlackElo "2330"]
[Annotator "Gabriele Ballarin"]
[PlyCount "70"]
[EventDate "1999.10.??"]
[EventType "team"]
[EventRounds "11"]
[EventCountry "AUT"]
[SourceTitle "EXT 2002"]
[Source "ChessBase"]
[SourceDate "2001.11.25"]
[SourceVersion "1"]
[SourceVersionDate "2001.11.25"]
[SourceQuality "1"]

1. e4 c5 2. Nf3 e6 3. d4 cxd4 4. Nxd4 a6 5. Nc3 Qc7 6. Bd3 Nf6 7. O-O Nc6 8. Nxc6 dxc6 9. a4 Bc5 10. Bc4 h5 11. Qf3 Ng4 12. Bf4 e5 13. Bg5 Be6 14. Bxe6 fxe6 15. Be3 Nxe3 16. fxe3 O-O-O 17. Rad1 g5 18. Qf6 Bxe3+ 19. Kh1 Bd4 20. Qxe6+ Kb8 21. Qc4 h4 22. h3 Rhf8 23. Rxf8 Rxf8 24. Ne2 Bxb2 25. Rb1 Ba3 26. Kh2 Ka8 27. Ng1 Qe7 28. Nf3 Bc5 29. Qe2 Rf4 30. Rf1 Qf6 31. Nd2 Rxf1 32. Nxf1 Qf4+ 33. Kh1 Qc1 34. Qc4 Bd4 35. a5 Qe1 0-1

[Event "AUT-chT2S 9900"]
[Site "Austria"]
[Date "1999.10.10"]
[Round "2.2"]
[White "Krebs, Johann"]
[Black "Raffalt, Manfred"]
[Result "0-1"]
[WhiteElo "2130"]
[BlackElo "2206"]
[Annotator "Gabriele Ballarin"]
[PlyCount "96"]
[EventDate "1999.10.??"]
[EventType "team"]
[EventRounds "11"]
[EventCountry "AUT"]
[SourceTitle "EXT 2002"]
[Source "ChessBase"]
[SourceDate "2001.11.25"]
[SourceVersion "1"]
[SourceVersionDate "2001.11.25"]
[SourceQuality "1"]

1. d4 e6 2. c4 f5 3. g3 Nf6 4. Bg2 Be7 5. Nh3 d6 6. Qb3 c6 7. O-O O-O 8. Nc3 Qe8 9. Nf4 Kh8 10. e4 fxe4 11. Nxe4 Nxe4 12. Bxe4 e5 13. dxe5 dxe5 14. Nd3 Nd7 15. Bg2 Qh5 16. Re1 Nc5 17. Nxc5 Bxc5 18. Be3 Bd4 19. c5 Qf5 20. Rad1 Rb8 21. Rd2 Be6 22. Qd3 Qxd3 23. Rxd3 Bxb2 24. Rd6 Bf5 25. h4 Bc3 26. Red1 Ba5 27. Bc1 Bc7 28. R6d2 Rbd8 29. Bb2 Rde8 30. Bc3 e4 31. Re1 Be5 32. Bxe5 Rxe5 33. Rb2 Rf7 34. Rd2 h6 35. Rc1 Rd5 36. Re2 Re7 37. f3 e3 38. g4 Bd3 39. Ree1 e2 40. Kf2 Bb5 41. f4 Rd2 42. Bf3 Rxa2 43. Ra1 Rc2 44. Rac1 Rxc1 45. Rxc1 a5 46. g5 a4 47. Bh5 Re4 48. Bf3 e1=Q+ 0-1

[Event "AUT-chT2S 9900"]
[Site "Austria"]
[Date "1999.10.10"]
[Round "2.2"]
[White "Singer, Richard"]
[Black "Hebesberger, Thomas"]
[Result "1/2-1/2"]
[WhiteElo "2290"]
[BlackElo "2240"]
[Annotator "Gabriele Ballarin"]
[PlyCount "46"]
[EventDate "1999.10.??"]
[EventType "team"]
[EventRounds "11"]
[EventCountry "AUT"]
[SourceTitle "EXT 2002"]
[Source "ChessBase"]
[SourceDate "2001.11.25"]
[SourceVersion "1"]
[SourceVersionDate "2001.11.25"]
[SourceQuality "1"]

1. d4 Nf6 2. c4 e6 3. Nf3 Bb4+ 4. Bd2 a5 5. Qc2 d5 6. e3 O-O 7. a3 Be7 8. Nc3 b6 9. cxd5 exd5 10. Rc1 Bb7 11. Bd3 Nbd7 12. O-O c5 13. dxc5 Nxc5 14. Rfd1 Rc8 15. Bf5 Ra8 16. Nd4 Re8 17. Ncb5 a4 18. Bb4 Bf8 19. Nc3 Bc8 20. Bxc8 Qxc8 21. Bxc5 bxc5 22. Nde2 Qc6 23. Nf4 Red8 1/2-1/2

[Event "AUT-chT2S 9900"]
[Site "Austria"]
[Date "1999.10.10"]
[Round "2.2"]
[White "Tabernig, Bernhard"]
[Black "Pilaj, Herwig"]
[Result "1/2-1/2"]
[WhiteElo "2360"]
[BlackElo "2197"]
[Annotator "Gabriele Ballarin"]
[PlyCount "84"]
[EventDate "1999.10.??"]
[EventType "team"]
[EventRounds "11"]
[EventCountry "AUT"]
[SourceTitle "EXT 2002"]
[Source "ChessBase"]
[SourceDate "2001.11.25"]
[SourceVersion "1"]
[SourceVersionDate "2001.11.25"]
[SourceQuality "1"]

1. d4 Nf6 2. c4 g6 3. Nc3 Bg7 4. Nf3 d6 5. Bg5 c6 6. e4 Na6 7. h3 O-O 8. Be2 e5 9. dxe5 dxe5 10. Qxd8 Rxd8 11. Nxe5 Re8 12. f4 Nc5 13. Bf3 h6 14. Bxf6 Bxf6 15. O-O-O Bxe5 16. fxe5 Be6 17. b3 Rad8 18. Ne2 Nd3+ 19. Kc2 Nxe5 20. Nf4 Bc8 21. c5 Rxd1 22. Rxd1 Kf8 23. Rd6 Ke7 24. Kc3 Rd8 25. Rxd8 Kxd8 26. Be2 Ke7 27. Kd4 f6 28. b4 Be6 29. Nxe6 Kxe6 30. a4 h5 31. h4 a6 32. g3 Kd7 33. Bf1 Kc7 34. b5 axb5 35. axb5 cxb5 36. Bxb5 b6 37. Kd5 bxc5 38. Kxc5 g5 39. Kd5 gxh4 40. gxh4 Nf3 41. Be2 Nxh4 42. Ke6 f5 1/2-1/2

[Event "AUT-chT2S 9900"]
[Site "Austria"]
[Date "1999.10.10"]
[Round "2.3"]
[White "Arwanitakis, Michael"]
[Black "Pesorda, Ivan"]
[Result "0-1"]
[WhiteElo "2155"]
[BlackElo "2180"]
[Annotator "Gabriele Ballarin"]
[PlyCount "66"]
[EventDate "1999.10.??"]
[EventType "team"]
[EventRounds "11"]
[EventCountry "AUT"]
[SourceTitle "EXT 2002"]
[Source "ChessBase"]
[SourceDate "2001.11.25"]
[SourceVersion "1"]
[SourceVersionDate "2001.11.25"]
[SourceQuality "1"]

1. e4 c5 2. Nc3 Nc6 3. Nf3 d6 4. g3 g6 5. Bg2 Bg7 6. O-O Rb8 7. a3 b5 8. Rb1 Nf6 9. d3 O-O 10. Nh4 a5 11. f4 b4 12. axb4 axb4 13. Ne2 Qb6 14. Kh1 Ra8 15. f5 Ra2 16. Bg5 Bb7 17. Qd2 Ne5 18. Bh6 c4 19. fxg6 hxg6 20. Bxg7 Kxg7 21. Qg5 Nh7 22. Qxe7 Bxe4 23. Bxe4 Ra7 24. Nf5+ gxf5 25. Qh4 fxe4 26. Nf4 Qd8 27. Nh5+ Kg6 28. Nf4+ Kg7 29. Nh5+ Kg8 30. Rf6 Ng6 31. Rbf1 Nxh4 32. gxh4 Kh8 33. Rh6 f5 0-1

[Event "AUT-chT2S 9900"]
[Site "Austria"]
[Date "1999.10.10"]
[Round "2.3"]
[White "Aschenbrenner, Robert"]
[Black "Lendwai, Reinhard"]
[Result "0-1"]
[WhiteElo "2160"]
[BlackElo "2371"]
[Annotator "Gabriele Ballarin"]
[PlyCount "48"]
[EventDate "1999.10.??"]
[EventType "team"]
[EventRounds "11"]
[EventCountry "AUT"]
[SourceTitle "EXT 2002"]
[Source "ChessBase"]
[SourceDate "2001.11.25"]
[SourceVersion "1"]
[SourceVersionDate "2001.11.25"]
[SourceQuality "1"]

1. e4 c6 2. Nc3 d5 3. Nf3 Bg4 4. h3 Bxf3 5. Qxf3 e6 6. d3 Nf6 7. Bd2 Nbd7 8. g4 Bb4 9. g5 Ng8 10. exd5 cxd5 11. Qg4 Qb6 12. Bg2 Ne7 13. O-O Bd6 14. Qa4 a6 15. Rae1 Qc6 16. Qg4 O-O 17. Kh1 Ne5 18. Qd1 Nf5 19. Ne2 Rac8 20. Bc3 Ng6 21. Rg1 Qa4 22. d4 Qxa2 23. b3 Qa3 24. Qd2 Be7 0-1

[Event "AUT-chT2S 9900"]
[Site "Austria"]
[Date "1999.10.10"]
[Round "2.3"]
[White "Bachler, Reinhard"]
[Black "Dohr, Alexander"]
[Result "1-0"]
[WhiteElo "2220"]
[BlackElo "2193"]
[Annotator "Gabriele Ballarin"]
[PlyCount "87"]
[EventDate "1999.10.??"]
[EventType "team"]
[EventRounds "11"]
[EventCountry "AUT"]
[SourceTitle "EXT 2002"]
[Source "ChessBase"]
[SourceDate "2001.11.25"]
[SourceVersion "1"]
[SourceVersionDate "2001.11.25"]
[SourceQuality "1"]

1. f4 c5 2. g3 Nc6 3. Bg2 g6 4. e4 d6 5. Nf3 Bg7 6. O-O e6 7. d3 Nge7 8. Nc3 O-O 9. g4 Nd4 10. Ne2 f5 11. Nfxd4 cxd4 12. Ng3 Qc7 13. Rf2 Bd7 14. a4 Rac8 15. b3 fxe4 16. Nxe4 Bc6 17. Ba3 Rcd8 18. Qe2 h6 19. Ng3 e5 20. f5 Bxg2 21. Kxg2 Nd5 22. Bc1 Qc3 23. Rb1 Qc6 24. Qe4 Rc8 25. h3 Qc5 26. b4 Nxb4 27. Ba3 a5 28. f6 Rxf6 29. Rxf6 Qxc2+ 30. Rf2 Qxb1 31. Bxb4 axb4 32. Qxg6 Rc2 33. Nf5 Rxf2+ 34. Kxf2 Qc2+ 35. Kg3 Qc7 36. Nxh6+ Kf8 37. Qh7 b3 38. Qg8+ Ke7 39. Qxg7+ Ke8 40. Qg8+ Kd7 41. Qxb3 Qc3 42. Qxb7+ Ke8 43. Nf5 Qxd3+ 44. Kh4 1-0

[Event "AUT-chT2S 9900"]
[Site "Austria"]
[Date "1999.10.10"]
[Round "2.3"]
[White "Genser, Harald"]
[Black "Egartner, Wolfgang"]
[Result "1/2-1/2"]
[WhiteElo "2160"]
[BlackElo "2141"]
[Annotator "Gabriele Ballarin"]
[PlyCount "77"]
[EventDate "1999.10.??"]
[EventType "team"]
[EventRounds "11"]
[EventCountry "AUT"]
[SourceTitle "EXT 2002"]
[Source "ChessBase"]
[SourceDate "2001.11.25"]
[SourceVersion "1"]
[SourceVersionDate "2001.11.25"]
[SourceQuality "1"]

1. e4 c5 2. Nf3 e6 3. d4 cxd4 4. Nxd4 Nc6 5. Nb5 d6 6. c4 Nf6 7. N1c3 a6 8. Na3 b6 9. Be3 Bb7 10. f3 Nd7 11. Be2 Be7 12. O-O O-O 13. Rc1 Nb4 14. Nab1 Rc8 15. a3 Nc6 16. b4 Nce5 17. Nd2 Nf6 18. f4 Ned7 19. Bf3 Qc7 20. Qe2 Qb8 21. g4 Ne8 22. Nb3 g6 23. g5 Ng7 24. Bg4 Qc7 25. Nd2 Qd8 26. Bd4 e5 27. Be3 exf4 28. Bxf4 Ne6 29. Bxe6 fxe6 30. Qg4 e5 31. Be3 Kg7 32. h4 Rxf1+ 33. Rxf1 b5 34. h5 bxc4 35. Kh2 Nf8 36. Qh4 gxh5 37. Qxh5 Qe8 38. Qh6+ Kh8 39. Rc1 1/2-1/2

[Event "AUT-chT2S 9900"]
[Site "Austria"]
[Date "1999.10.10"]
[Round "2.3"]
[White "Sereinig, Eduard"]
[Black "Kuba, Guenter"]
[Result "1/2-1/2"]
[WhiteElo "2237"]
[BlackElo "2238"]
[Annotator "Gabriele Ballarin"]
[PlyCount "28"]
[EventDate "1999.10.??"]
[EventType "team"]
[EventRounds "11"]
[EventCountry "AUT"]
[SourceTitle "EXT 2002"]
[Source "ChessBase"]
[SourceDate "2001.11.25"]
[SourceVersion "1"]
[SourceVersionDate "2001.11.25"]
[SourceQuality "1"]

1. Nf3 d5 2. g3 Nf6 3. Bg2 Bf5 4. d3 h6 5. O-O e6 6. Nc3 Be7 7. Nd4 Bh7 8. e4 c5 9. Nde2 Nc6 10. exd5 exd5 11. Nf4 d4 12. Ncd5 O-O 13. Nxf6+ Bxf6 14. Nd5 Re8 1/2-1/2

[Event "AUT-chT2S 9900"]
[Site "Austria"]
[Date "1999.10.10"]
[Round "2.3"]
[White "Solinas, Carlo"]
[Black "Brod, Manfred"]
[Result "1/2-1/2"]
[WhiteElo "2087"]
[BlackElo "2223"]
[Annotator "Gabriele Ballarin"]
[PlyCount "56"]
[EventDate "1999.10.??"]
[EventType "team"]
[EventRounds "11"]
[EventCountry "AUT"]
[SourceTitle "EXT 2002"]
[Source "ChessBase"]
[SourceDate "2001.11.25"]
[SourceVersion "1"]
[SourceVersionDate "2001.11.25"]
[SourceQuality "1"]

1. e4 c5 2. d4 cxd4 3. c3 dxc3 4. Nxc3 Nc6 5. Nf3 d6 6. Bc4 e6 7. O-O a6 8. Qe2 b5 9. Bb3 Ra7 10. Be3 Rd7 11. Nxb5 axb5 12. Qxb5 Bb7 13. Rac1 Nge7 14. Qh5 Qa5 15. Ng5 Ng6 16. Qh3 Nd8 17. Rc4 Ba6 18. Ra4 Qb5 19. Re1 Be7 20. Rd4 Bxg5 21. Ba4 Qa5 22. Bxd7+ Kxd7 23. b4 Qe5 24. Rd5 Nf4 25. Bxf4 Qxf4 26. e5 Be7 27. exd6 Bxd6 28. Red1 Bb7 1/2-1/2

[Event "AUT-chT2S 9900"]
[Site "Austria"]
[Date "1999.10.10"]
[Round "2.4"]
[White "Insam, Heinz"]
[Black "Smole, Albert"]
[Result "1-0"]
[WhiteElo "2260"]
[BlackElo "2155"]
[Annotator "Gabriele Ballarin"]
[PlyCount "69"]
[EventDate "1999.10.??"]
[EventType "team"]
[EventRounds "11"]
[EventCountry "AUT"]
[SourceTitle "EXT 2002"]
[Source "ChessBase"]
[SourceDate "2001.11.25"]
[SourceVersion "1"]
[SourceVersionDate "2001.11.25"]
[SourceQuality "1"]

1. d4 Nf6 2. e3 g6 3. c4 Bg7 4. Nc3 O-O 5. Be2 d5 6. Nf3 c5 7. dxc5 Qa5 8. Bd2 dxc4 9. Bxc4 Qxc5 10. Qb3 Nc6 11. Na4 Qh5 12. Bc3 Na5 13. Bxa5 Qxa5+ 14. Nc3 Ne4 15. Rc1 Nc5 16. Qb5 Qxb5 17. Bxb5 a6 18. Be2 Rd8 19. O-O Bf5 20. Rfd1 Bd3 21. Kf1 b5 22. Ne1 Bxe2+ 23. Kxe2 Bxc3 24. Rxd8+ Rxd8 25. Rxc3 Na4 26. Rc2 Rd6 27. Nd3 Kg7 28. Rc7 Kf6 29. e4 Kg7 30. b3 Nb6 31. Rxe7 Rc6 32. Kd2 Kf6 33. Rxf7+ Ke6 34. Rxh7 Nd7 35. Rxd7 1-0

[Event "AUT-chT2S 9900"]
[Site "Austria"]
[Date "1999.10.10"]
[Round "2.4"]
[White "Januschke, Markus"]
[Black "Waldmann, Gerald"]
[Result "1-0"]
[WhiteElo "2210"]
[BlackElo "2155"]
[Annotator "Gabriele Ballarin"]
[PlyCount "85"]
[EventDate "1999.10.??"]
[EventType "team"]
[EventRounds "11"]
[EventCountry "AUT"]
[SourceTitle "EXT 2002"]
[Source "ChessBase"]
[SourceDate "2001.11.25"]
[SourceVersion "1"]
[SourceVersionDate "2001.11.25"]
[SourceQuality "1"]

1. c4 e5 2. Nc3 Nc6 3. Nf3 g6 4. d4 exd4 5. Nxd4 Bg7 6. Nc2 d6 7. e4 Nf6 8. Be2 O-O 9. O-O Ne8 10. Be3 Be6 11. Nd4 Nxd4 12. Bxd4 Bxd4 13. Qxd4 Qf6 14. Qe3 Qe7 15. Bd3 Qd7 16. Rae1 Ng7 17. f4 f5 18. exf5 Bxf5 19. Bxf5 Nxf5 20. Qe6+ Qxe6 21. Rxe6 Rae8 22. Rfe1 Rxe6 23. Rxe6 Kf7 24. Re4 c6 25. Kf2 Re8 26. Rxe8 Kxe8 27. g4 Ng7 28. Ke3 Ke7 29. Ke4 Kf6 30. Ne2 Ne6 31. b4 Nc7 32. g5+ Ke7 33. f5 gxf5+ 34. Kxf5 Kf7 35. Nf4 a6 36. h4 d5 37. cxd5 Nxd5 38. Nxd5 cxd5 39. h5 d4 40. Ke4 d3 41. Kxd3 Ke6 42. Ke4 b6 43. a4 1-0

[Event "AUT-chT2S 9900"]
[Site "Austria"]
[Date "1999.10.10"]
[Round "2.4"]
[White "Mahdy, Khaled"]
[Black "Spirk, Stefan"]
[Result "1-0"]
[WhiteElo "2332"]
[BlackElo "2251"]
[Annotator "Gabriele Ballarin"]
[PlyCount "41"]
[EventDate "1999.10.??"]
[EventType "team"]
[EventRounds "11"]
[EventCountry "AUT"]
[SourceTitle "EXT 2002"]
[Source "ChessBase"]
[SourceDate "2001.11.25"]
[SourceVersion "1"]
[SourceVersionDate "2001.11.25"]
[SourceQuality "1"]

1. e4 e6 2. Nf3 d5 3. e5 c5 4. b4 cxb4 5. a3 Nc6 6. axb4 Bxb4 7. c3 Be7 8. d4 Nh6 9. Bd3 Nf5 10. O-O h5 11. Ne1 g5 12. Nc2 Bd7 13. Ne3 Bf8 14. Nd2 Nfxd4 15. cxd4 Nxd4 16. Bb2 Nc6 17. Nxd5 Bg7 18. Nf6+ Bxf6 19. exf6 Qc7 20. Nc4 Qf4 21. Ba3 1-0